| 000 | 00368 a2200085 4500 | ||
|---|---|---|---|
| 082 | _a333.79 TER | ||
| 245 |
_aPricing and Infrastructure Costing for Supply and Distribution of CNG and ULSD to the Transport Sector in Mumbai / _cTata Energy Research Institute |
||
| 260 |
_aNew Delhi : _bTata Energy Research Institute, _c2002 |
||
| 300 |
_axvi, 107p. : _bill. ; _c30 cm |
||
| 650 | _aEnergy -- Infrastructure | ||
| 999 |
_c2077 _d2077 |
||